| 000 | 00694nam a22001577a 4500 | ||
|---|---|---|---|
| 003 | OSt | ||
| 005 | 20151005102455.0 | ||
| 008 | 151005b xxu||||| |||| 00| 0 eng d | ||
| 040 | _cRUA | ||
| 082 | _aAVM MAK 2002 B073 Or.1 | ||
| 100 |
_92026 _aMAK, SAMOEUN. |
||
| 245 | _aThe impact and solution to the common diseases in pig farmer community, svay rieng province (ផលប៉ះពាល់និងដំណោះស្រាយចំពោះជំងឺសំខាន់ៗនៃសត្វជ្រូកក្នុងសហគមន៏កសិករខេត្តស្វាយរៀង) | ||
| 260 |
_aPhnom Penh _bRUA _c2002 |
||
| 300 |
_avii, 52p. _bill. _c29cm. |
||
| 942 |
_2ddc _cAVM |
||
| 999 |
_c1915 _d1915 |
||